| 000 | 00587nam a2200181Ia 4500 | ||
|---|---|---|---|
| 003 | IN-BaIIA | ||
| 008 | 211028s9999 xx 000 0 eng d | ||
| 040 | _cIIA Library | ||
| 080 |
_a(038)=20=20 =914.3 _bROY |
||
| 100 |
_aHaq, Abdul _911316 |
||
| 245 | 0 |
_aRoyal Oxford encyclopaedic dictionary _benglish to english & urdu with pronounciations grammar and encyclopaedia _cAbdul Haq |
|
| 260 |
_aDelhi _bNew Standard Publications |
||
| 300 | _a744p. | ||
| 650 |
_aEncyclopedia-English-Urdu _911317 |
||
| 650 |
_aEnglish-Urdu Encyclopedia _911318 |
||
| 650 | _aNASA Thesaurus | ||
| 942 | _cBK | ||
| 999 |
_c6605 _d6605 |
||